Galatasaray Teknik Direktörleri - Armageddon - Statistics

General Stats
  • This quiz has been taken 171 times
  • The average score is 9 of 15
Answers on the Grid
Answers color-coded by a green-red scale on the quiz's grid according to % correct below.
Fatih Terim
Luis Enrique
Mircea Lucescu
Niko Kovač
Aykut Kocaman
Brian Birch
Okan Buruk
Mustafa Denizli
Rıza Çalımbay
Frank Rijkaard
Eric Gerets
Jorge Jesus
Ersun Yanal
Igor Tudor
Ertuğrul Sağlam
Graeme Souness
Christoph Daum
Roberto Mancini
José Mourinho
Gheorghe Hagi
Joachim Löw
Samet Aybaba
Vicente del Bosque
Jan Olde Riekerink
Jupp Derwall
Werner Lorant
Şenol Güneş
Hamza Hamzaoğlu
Michael Skibbe
Slaven Bilić
 
Answer Stats
Answer % Correct
Fatih Terim
99%
Okan Buruk
92%
Mircea Lucescu
72%
Igor Tudor
71%
Hamza Hamzaoğlu
70%
Mustafa Denizli
69%
Gheorghe Hagi
68%
Roberto Mancini
65%
Frank Rijkaard
61%
Jan Olde Riekerink
50%
Eric Gerets
44%
Graeme Souness
44%
Michael Skibbe
40%
Jupp Derwall
35%
Brian Birch
32%
No matching quizzes found
Score Distribution
Percent of People with Each Score
Percentile by Number Answered
Your Score History
You have not taken this quiz